| 000 | 00428nam a22001577a 4500 | ||
|---|---|---|---|
| 008 | 230616b |||||||| |||| 00| 0 eng d | ||
| 040 |
_aNational Science Library _cNational Science Library |
||
| 080 |
_a621.73 _bK5 |
||
| 100 | _aKoltun, S | ||
| 245 | _aForging practice | ||
| 260 |
_aMoscow: _bForeign Language Publishing House, |
||
| 300 | _a412p. | ||
| 650 | _aAutomatic | ||
| 653 | _aDeformation | ||
| 942 |
_2udc _cBK |
||
| 999 |
_c44199 _d44199 |
||